000 00285nam a2200109Ia 4500
008 200302s9999 xx 000 0 und d
100 _aRafi Ahmad & Other
245 _aAnalytical Methods for Environmental Monitoring
260 _bPrentice Hall Inc.
260 _c2001
300 _a317 P.,
999 _c5486
_d5486